'Harry Potter' Start to Finish V Quiz Stats

 Plays Quiz Updated Jun 28, 2017

Support Sporcle.
Go Orange.
Score 0/10 Timer 04:00
104 Plays Today
% Correct
???
100%
???
76.3%
???
73%
???
52.6%
???
37%
???
28.3%
???
23.4%
???
21.1%
???
20.3%
???
20.3%

You're not logged in!

Compare scores with friends on all Sporcle quizzes.
OR
Log In
Forgot?

From the Vault

Legislative, Executive or Judicial?

by Hejman

Let's check up on those checks and balances.
Remove Ads.
Support Sporcle.
Get the best of Sporcle when you Go Orange. This ad-free experience offers more features, more stats, and more fun while also helping to support Sporcle. Thank you for becoming a member.

Show Comments

Extras

Top Quizzes Today


Score Distribution

Your Account Isn't Verified!

In order to create a playlist on Sporcle, you need to verify the email address you used during registration. Go to your Sporcle Settings to finish the process.

Report this User

Report this user for behavior that violates our Community Guidelines.

Details: